000 00797 a2200229 4500
003 OSt
005 20180116192336.0
008 120518t xxu||||| |||| 00| 0 eng d
010 _a 00011854
020 _a0252026411 (alk. paper)
040 _c0
082 0 0 _a720.8
100 1 _aAnthony, Kathryn H.
_91729
245 1 0 _aDesigning for diversity :
_bgender, race, and ethnicity in the architectural profession /
_cKathryn H. Anthony.
260 _aUrbana :
_bUniversity of Illinois Press,
_cc2001.
300 _axi, 256 p. :
_bill. ;
_c25 cm.
500 _aIncludes index
650 0 _aWomen architects
_zUnited States
_91730
650 0 _aWomen in the professions
_zUnited States
_91731
942 _aSADA
_cBK
_k720.8 ANT 2001
_2ddc
999 _c352492
_d352492